Länder in meinem Burger - Statistiken

Allgemein
  • Dieses Quiz wurde 17.746 mal gespielt
  • Das Durchschnittsergebnis liegt bei 7 aus 18
Antworten auf der Karte
Die Antworten werden auf der Karte rot bzw. grün angezeigt, abhängig davon wie oft sie richtig erraten wurden.
 
Antwortstatistiken
Land % Korrekt
Indien
95%
Zypern
77%
Sri Lanka
66%
Österreich
64%
Portugal
56%
Bosnien und Herzegowina
52%
Mongolei
42%
Taiwan
41%
Nepal
37%
Slowakei
36%
Tunesien
36%
Nicaragua
31%
Israel
26%
Togo
22%
Fidschi
18%
Osttimor
17%
Belize
13%
Kap Verde
10%
Keine übereinstimmenden Quizze gefunden
Verteilung der Resultate
Anzahl Personen mit jedem Resultat
Perzentil nach korrekt beantworteten Fragen
Ihre Resultats-Entwicklung
Sie haben dieses Quiz noch nicht gespielt